00501nam a22001217a 450000500170000000800410001705000280005810000210008624501130010726000910022030000400031152100280035120150202142316.0150202b xxu||||| |||| 00| 0 eng d aHF 5415.335b.F363 2013 aFernandez, Mark. aThe level of customer satisfaction in Yhoy grill, BF resort, Las Piñas for AY 2013-2014 /cMark Fernandez. aPhilippines, Las Piñas City :bSouthville International School and Colleges,cc2013. a29 pages :billustrations ;c28 cm. aBusiness Administration